| 000 | 01107nam a2200301Ia 4500 | ||
|---|---|---|---|
| 001 | ebr10017765 | ||
| 003 | CaPaEBR | ||
| 006 | m u | ||
| 007 | cr cn||||||||| | ||
| 008 | 960529s1995 enk sb 001 0 eng d | ||
| 010 | _z 92030811 | ||
| 020 | _z0415130808 | ||
| 040 |
_aCaPaEBR _cCaPaEBR |
||
| 035 | _a(OCoLC)301569069 | ||
| 050 | 1 | 4 |
_aJC421 _b.H28 1995eb |
| 100 | 1 | _aHarrison, Ross. | |
| 245 | 1 | 0 |
_aDemocracy _h[electronic resource] / _cRoss Harrison. |
| 260 |
_aLondon ; _aNew York : _bRoutledge, _c1995. |
||
| 300 | _aix, 246 p. | ||
| 490 | 1 | _aThe problems of philosophy | |
| 504 | _aIncludes bibliographical references (p. 234-243) and index. | ||
| 533 |
_aElectronic reproduction. _bPalo Alto, Calif. : _cebrary, _d2013. _nAvailable via World Wide Web. _nAccess may be limited to ebrary affiliated libraries. |
||
| 650 | 0 | _aDemocracy. | |
| 655 | 7 |
_aElectronic books. _2local |
|
| 710 | 2 | _aebrary, Inc. | |
| 830 | 0 | _aProblems of philosophy. | |
| 856 | 4 | 0 |
_uhttp://site.ebrary.com/lib/rucke/Doc?id=10017765 _zAn electronic book accessible through the World Wide Web; click to view |
| 999 |
_c30024 _d30024 |
||